Statistieken voor Gemeenten van West-Vlaanderen

Klik hier om de quiz te nemen!

Algemene statistieken

  • Deze quiz is 375 keer genomen
    (367 sinds de laatste reset)
  • De gemiddelde score is 39 van 64

Antwoorden op de kaart

Antwoorden kleurgecodeerd door een groen-rode schaal op de quizkaart volgens % correct hieronder.
 

Antwoordstatistieken

Antwoord% Correct
Brugge
92%
Oostende
91%
De Panne
90%
Knokke-Heist
88%
Ieper
85%
Kortrijk
85%
Blankenberge
84%
De Haan
84%
Nieuwpoort
84%
Koksijde
83%
Roeselare
81%
Veurne
80%
Middelkerke
78%
Diksmuide
77%
Poperinge
76%
Bredene
73%
Waregem
71%
Jabbeke
68%
Damme
66%
Tielt
63%
Menen
62%
Oostkamp
62%
Heuvelland
61%
Izegem
61%
Wevelgem
61%
Ardooie
60%
Gistel
60%
Zwevegem
60%
Beernem
58%
Zuienkerke
58%
Zonnebeke
57%
Anzegem
56%
Deerlijk
56%
Kuurne
56%
Vleteren
56%
Lo-Reninge
55%
Torhout
55%
Wervik
53%
Alveringem
52%
Harelbeke
52%
Ichtegem
52%
Koekelare
52%
Kortemark
52%
Langemark-Poelkapelle
51%
Ingelmunster
50%
Mesen
50%
Moorslede
50%
Oostrozebeke
50%
Zedelgem
50%
Avelgem
49%
Oudenburg
49%
Staden
49%
Wingene
49%
Lichtervelde
48%
Houthulst
47%
Ruiselede
47%
Lendelede
46%
Meulebeke
46%
Pittem
46%
Spiere-Helkijn
46%
Hooglede
45%
Wielsbeke
45%
Ledegem
43%
Dentergem
39%

Scoreverdeling

Percentiel versus Aantal Correcte Antwoorden

Procent van Mensen met Elke Score

Uw Scoregeschiedenis

U heeft deze quiz nog niet genomen sinds de laatste reset